| 000 | 01613cam a2200397 i 4500 | ||
|---|---|---|---|
| 999 |
_c355169 _d355169 |
||
| 001 | 18415221 | ||
| 003 | USPCAS-E | ||
| 005 | 20191204125002.0 | ||
| 008 | 141223s2015 pk b 001 0durd | ||
| 010 | _a 2014324203 | ||
| 020 | _a9789695623503 | ||
| 025 | _aP-U-2014324203; 15 | ||
| 037 |
_bLibrary of Congress -- Islamabad Overseas Office _cRs 900.00 |
||
| 038 | _aMSOHAIL | ||
| 040 |
_aDLC _beng _erda _cDLC |
||
| 042 |
_alcode _apcc |
||
| 050 | 0 | 0 |
_aPK2199.I65 _bZ4795 2015 |
| 066 |
_c(3 _c(4 |
||
| 082 |
_aPK2199.I65 _bNAD-I 2015 |
||
| 245 | 0 | 0 |
_6880-01 _aʻAllāmah Iqbāl ke cand nādir nāyāb k̲h̲ut̤ūt̤ / _c[compiler] Ḍākṭar Nadīm Shafīq Malik. |
| 260 |
_aLahore: _bFiction House; _cc2015. |
||
| 300 |
_a384 pages ; _c23 cm |
||
| 502 | _a. | ||
| 504 | _aIncludes bibliographical references and index. | ||
| 520 | _aCollection of articles on the unpublished letters of Sir Muhammad iqbal, 1877-1938. | ||
| 546 | _aIn Urdu. | ||
| 600 | 1 | 0 |
_aIqbal, Muhammad, _cSir, _d1877-1938 _vCorrespondence. _91654 |
| 650 | 0 |
_aAuthors, Urdu _zPakistan _vCorrespondence. _91655 |
|
| 700 | 1 |
_6880-03 _aMalik, Nadeem Shafiq, _ecompiler. _9336 |
|
| 880 | 0 | 0 |
_6245-01/(3/r _aعلّامه اقبال کے چند نادر ناياب خطوط / _c[compiler] ڈاکٹر نديم شفيق ملک. |
| 880 | 1 |
_6264-02/(3/r _aلاهور : _bفکشن هاؤس، _c2015. |
|
| 880 | 1 |
_6700-03/(3/r _aملک، نديم شفيق، |
|
| 906 |
_a7 _bcbc _corigode _d3 _encip _f20 _gy-nonroman |
||
| 942 |
_2ddc _cBK |
||